| 000 | 00606nam a2200229Ia 4500 | ||
|---|---|---|---|
| 001 | 42139 | ||
| 005 | 20240114003452.0 | ||
| 007 | ta | ||
| 008 | 080610s1993 g b000 u u | ||
| 020 | _cHB | ||
| 040 | _aCOTTON COLLEGE,ASSAM | ||
| 082 |
_a891.411 _bGO 69 BA |
||
| 100 | _aGoswami, PrafullaDutta. | ||
| 245 | 0 |
_aBARO MAHAR TERO GIT / _cPRAFULLA DUTTA GOSWAMI. _hTextual Documents |
|
| 250 | _a2ND ED / | ||
| 260 |
_aKOLKATA : _bSEBA PRINTERS , _c1993. |
||
| 653 | _aASSAMESE FOLK SONG | ||
| 653 | _aT/G-ASSAMESE | ||
| 942 |
_2ddc _cBK |
||
| 999 |
_c42105 _d42105 |
||